Statistics for Kaiserslautern Best Scorer By Year

Click here to take the quiz!

General Stats

  • This quiz has been taken 99 times
  • The average score is 5 of 32

Answer Stats

Player% Correct
Miroslav Klose
76%
Olaf Marschall
65%
Stefan Kuntz
63%
Srđan Lakić
60%
Halil Altıntop
37%
Vratislav Lokvenc
29%
Pavel Kuka
24%
Klaus Toppmöller
21%
Youri Djorkaeff
21%
Hans-Peter Briegel
18%
Itay Shechter
16%
Thomas Allofs
13%
Pierre de Wit
11%
Friedhelm Funkel
10%
Ioannis Amanatidis
10%
Ferydoon Zandi
8%
Harald Kohr
8%
Roland Sandberg
8%
Erich Meier
6%
Idriz Hošić
5%
Karlheinz Vogt
5%
Marcel Witeczek
5%
Reiner Geye
5%
Willy Reitgaßl
5%
Wolfgang Seel
3%
Frank Hartmann
2%
Heinz-Dieter Hasebrink
2%
Manfred Rummel
2%
Gerd Roggensack
0%
Helmut Kapitulski
0%
Norbert Eilenfeldt
0%
Otto Geisert
0%

Score Distribution

Percentile by Number Answered

Percent of People with Each Score

Your Score History

You have not taken this quiz